000 00772nam a22002177a 4500
999 _c13533
_d13533
003 AR-CdUCM
008 190415b ||||| |||| 00| spa d
040 _aMUNICIPALIDAD PROVINCIAL DEL CUSCO
_cBIBLIOTECA MUNICIPAL DEL CUSCO
082 _23 ed.
_aC / 170 /
_bV61
100 _aVidal, Humberto
_923976
245 _aMoral y metafísica /
260 _aCusco :
_bRosas,
_c1958.
300 _a391 páginas ;
_c17 cm.
440 _aBiblioteca didáctica manuales de filosofía
_931990
505 _aContenido : Filosofía -- Etimología -- Concepto -- La filosofía y la vida -- Posibilidad de una filosofía en américa ...
650 _aFilosofía
_9395
650 _aMoral
_94056
650 _aMetafísica
_92817
942 _2ddc
_cLIBROS
945 _arah
_d15/04/2019